[Event "Seebach op 15th"]
[Site "Grossenseebach"]
[Date "2004.06.17"]
[Round "5"]
[White "Fuetterer, Robert"]
[Black "Maslow, Wladimir"]
[Result "1-0"]
[WhiteElo "1978"]
[BlackElo "1516"]
[PlyCount "61"]
[EventDate "2004.06.17"]
[EventType "swiss"]
[EventRounds "7"]
[EventCountry "GER"]
[SourceTitle "EXT 2018"]
[Source "ChessBase"]
[SourceDate "2017.10.13"]
[SourceVersion "1"]
[SourceVersionDate "2017.10.13"]
[SourceQuality "1"]

1. d4 e6 2. c4 b6 3. Nc3 Bb7 4. e4 Bb4 5. Bd3 Nc6 6. Nge2 Qf6 7. Be3 e5 8. d5 Nd4 9. 0-0 Bxc3 10. Nxc3 a6 11. f4 d6 12. fxe5 Qxe5 13. Qd2 c5 14. dxc6 Bxc6 15. Qf2 Qf6 16. Bxd4 Qxf2+ 17. Rxf2 f6 18. Bxb6 Nh6 19. h3 Nf7 20. Bd4 Ne5 21. Bxe5 dxe5 22. Nd5 0-0 23. Ne7+ Kh8 24. Nxc6 Rac8 25. Nb4 a5 26. Nd5 Rc5 27. Rc1 Rb8 28. a3 Rb3 29. Rc3 a4 30. Rxb3 axb3 31. Rf3 1-0

[Event "Seebach op 15th"]
[Site "Grossenseebach"]
[Date "2004.06.17"]
[Round "4"]
[White "Maslow, Wladimir"]
[Black "Jereb, Manfred"]
[Result "1-0"]
[WhiteElo "1516"]
[BlackElo "1615"]
[PlyCount "69"]
[EventDate "2004.06.17"]
[EventType "swiss"]
[EventRounds "7"]
[EventCountry "GER"]
[SourceTitle "EXT 2018"]
[Source "ChessBase"]
[SourceDate "2017.10.13"]
[SourceVersion "1"]
[SourceVersionDate "2017.10.13"]
[SourceQuality "1"]

1. e4 g6 2. d4 Bg7 3. Nf3 d6 4. Bc4 Nf6 5. Qd3 Nbd7 6. h3 0-0 7. Be3 c6 8. Qd2 Nxe4 9. Qc1 d5 10. Be2 Ndf6 11. 0-0 Bd7 12. Ne5 Be6 13. Bf4 Nd7 14. f3 Nef6 15. Bh6 Nh5 16. Bxg7 Kxg7 17. Rf2 Qc7 18. f4 Nhf6 19. Qe3 Ne4 20. Rf3 f6 21. Ng4 c5 22. Nf2 cxd4 23. Qxd4 Qxc2 24. Re3 Bf7 25. Nxe4 e5 26. fxe5 fxe5 27. Qc3 Qxc3 28. Nbxc3 d4 29. Rd3 dxc3 30. Nxc3 Rad8 31. Rad1 Be6 32. Ne4 b6 33. Ng5 Bf5 34. Rd6 Kh6 35. h4 1-0

[Event "Seebach op 15th"]
[Site "Grossenseebach"]
[Date "2004.06.17"]
[Round "6"]
[White "Maslow, Wladimir"]
[Black "Stecher, Bernd"]
[Result "1-0"]
[WhiteElo "1516"]
[BlackElo "1493"]
[PlyCount "110"]
[EventDate "2004.06.17"]
[EventType "swiss"]
[EventRounds "7"]
[EventCountry "GER"]
[SourceTitle "EXT 2018"]
[Source "ChessBase"]
[SourceDate "2017.10.13"]
[SourceVersion "1"]
[SourceVersionDate "2017.10.13"]
[SourceQuality "1"]

1. e4 c5 2. Nf3 Nc6 3. c3 e5 4. Bc4 h6 5. Na3 a6 6. Nc2 Nf6 7. Bd3 d6 8. Ne3 Ne7 9. c4 Bd7 10. a4 Nc6 11. 0-0 Nb4 12. Bb1 a5 13. d3 Be7 14. Bd2 Nc6 15. h3 Qc8 16. Nh2 Nd4 17. f4 exf4 18. Rxf4 Ne6 19. Rf2 0-0 20. Nf5 Qe8 21. Nxe7+ Qxe7 22. Be3 Bc6 23. Qd2 Nh7 24. Bc2 b6 25. Raf1 Ra7 26. Bd1 Nf6 27. Bxh6 Nxe4 28. dxe4 gxh6 29. Qxh6 Bxe4 30. Ng4 f5 31. Qg6+ Ng7 32. Nh6+ Kh8 33. Qg3 Raa8 34. Rf4 Rf6 35. Rh4 Rxh6 36. Rxh6+ Kg8 37. Bf3 Rd8 38. Rg6 Qe5 39. Qxe5 dxe5 40. Bxe4 fxe4 41. Rxb6 e3 42. Re1 Nf5 43. g4 Nd4 44. Rxe3 Re8 45. Ra6 e4 46. Rxa5 Re5 47. Ra7 Nc2 48. Kf2 Nb4 49. Rd7 Kf8 50. Rb3 Ke8 51. Rd2 Nc6 52. Ke3 Re7 53. Rd5 Na5 54. Rb8+ Kf7 55. Rxc5 Nb3 1-0

[Event "Seebach op 15th"]
[Site "Grossenseebach"]
[Date "2004.06.17"]
[Round "1"]
[White "Puschak, Oliver"]
[Black "Maslow, Wladimir"]
[Result "1/2-1/2"]
[WhiteElo "1868"]
[BlackElo "1516"]
[PlyCount "117"]
[EventDate "2004.06.17"]
[EventType "swiss"]
[EventRounds "7"]
[EventCountry "GER"]
[SourceTitle "EXT 2018"]
[Source "ChessBase"]
[SourceDate "2017.10.13"]
[SourceVersion "1"]
[SourceVersionDate "2017.10.13"]
[SourceQuality "1"]

1. d4 d5 2. Nf3 Nf6 3. c4 e6 4. Nc3 Bb4 5. Bd2 Bxc3 6. bxc3 dxc4 7. Qa4+ c6 8. Qxc4 Nbd7 9. Bg5 h6 10. Bh4 g5 11. Bg3 Qa5 12. Bd6 Ne4 13. Bb4 Qf5 14. h3 h5 15. e3 Nb6 16. Qb3 g4 17. hxg4 Qxg4 18. Rh4 Qg6 19. c4 f5 20. g3 Qg7 21. Qc2 Nd7 22. Ba3 Qg6 23. Bd3 b6 24. Bxe4 fxe4 25. Qxe4 Qxe4 26. Rxe4 Nf6 27. Rh4 Ng4 28. Ng5 Kd7 29. Rc1 Bb7 30. Ke2 Rag8 31. Nh3 Rg6 32. Nf4 Rg5 33. Bb2 Rh6 34. Rch1 Nf6 35. Nd3 c5 36. R1h3 Be4 37. dxc5 Bxd3+ 38. Kxd3 Ng4 39. cxb6 Nxf2+ 40. Ke2 Nxh3 41. bxa7 Ng1+ 42. Kf2 Ra5 43. Bd4 Rxa2+ 44. Kxg1 e5 45. Bxe5 Rb6 46. Rf4 Rb1+ 47. Rf1 Rxf1+ 48. Kxf1 Rxa7 49. Ke2 Ke6 50. Bf4 Ra3 51. Kf3 Rc3 52. Kg2 Rxc4 53. Kh3 Kf5 54. Kh4 Kg6 55. g4 hxg4 56. Kxg4 Re4 57. Kg3 Kf5 58. Kf3 Re6 59. Bc7 1/2-1/2